000 00521nam a22001577a 4500
003 OSt
005 20201008171126.0
008 201008b xxu||||| |||| 00| 0 eng d
040 _cmacl
082 _a070
100 _aपाठक ,डॉ ममता
_980109
245 _aमहिला पत्रकारिता का स्‍वरूप और विकास
260 _aलखनऊ
_bभारत प्रकाशन
_c2017
650 _aपत्रकारिता
_980110
942 _2ddc
_cHIN
999 _c63583
_d63583